[Event "16MCR_F"]
[Site "?"]
[Date "2004.??.??"]
[Round "?"]
[White "Makovsky, Petr"]
[Black "Priesol, Daniel"]
[Result "1/2-1/2"]
[WhiteElo "2325"]
[BlackElo "2305"]
[PlyCount "64"]
[EventDate "2004.04.27"]
[EventType "corr"]
[EventRounds "1"]
[SourceDate "2004.04.27"]

1. e4 e5 2. Nf3 Nf6 3. Nxe5 d6 4. Nf3 Nxe4 5. d4 d5 6. Bd3 Be7 7. O-O Nc6 8. c4
Nf6 9. c5 O-O 10. a3 Bg4 11. Be3 Ne4 12. Nc3 f5 13. Be2 Re8 14. Qa4 Kf8 15.
Rfe1 Qd7 16. Qb3 Bxf3 17. Bxf3 Rad8 18. Qxb7 Rb8 19. Qa6 Rxb2 20. Nxe4 dxe4 21.
Bd1 f4 22. Bxf4 Nxd4 23. Qc4 Bh4 24. Kh1 Rxf2 25. Be3 Qf7 26. Qxd4 Rf1+ 27.
Rxf1 Qxf1+ 28. Bg1 Bf6 29. Bb3 Qf5 30. Qd1 Bxa1 31. Qxa1 e3 32. Bc4 Qxc5
1/2-1/2

[Event "16MCR_F"]
[Site "?"]
[Date "2004.??.??"]
[Round "?"]
[White "Styblo, Pavel"]
[Black "Zidu, Jan"]
[Result "1/2-1/2"]
[WhiteElo "2320"]
[BlackElo "2310"]
[PlyCount "59"]
[EventDate "2004.04.27"]
[EventType "corr"]
[EventRounds "1"]
[SourceDate "2004.04.27"]

1. d4 Nf6 2. c4 c5 3. d5 b5 4. cxb5 a6 5. bxa6 Bxa6 6. Nc3 d6 7. e4 Bxf1 8.
Kxf1 g6 9. g3 Bg7 10. Kg2 O-O 11. Nf3 Nbd7 12. Re1 Ng4 13. Qe2 Nge5 14. Nxe5
Nxe5 15. f4 Nd7 16. Bd2 Nb6 17. b3 c4 18. bxc4 Qc7 19. Nb5 Qd7 20. c5 dxc5 21.
Bc3 f6 22. Rab1 Rfb8 23. Ba1 Rb7 24. Red1 Nc8 25. Rdc1 Ra5 26. Rxc5 Na7 27. a4
Rxa4 28. Bc3 Nxb5 29. Rcxb5 Rxe4 30. Qxe4 1/2-1/2

[Event "16MCR_F"]
[Site "?"]
[Date "2004.??.??"]
[Round "?"]
[White "Priesol, Daniel"]
[Black "Styblo, Pavel"]
[Result "1/2-1/2"]
[WhiteElo "2305"]
[BlackElo "2320"]
[PlyCount "44"]
[EventDate "2004.04.27"]
[EventType "corr"]
[EventRounds "1"]
[SourceDate "2004.04.27"]

1. e4 c6 2. d4 d5 3. exd5 cxd5 4. c4 Nf6 5. Nc3 e6 6. Nf3 Bb4 7. cxd5 Nxd5 8.
Qc2 Nc6 9. Bd3 Ba5 10. a3 Nxc3 11. bxc3 Nxd4 12. Nxd4 Qxd4 13. Bb5+ Bd7 14. O-O
Qd5 15. c4 Qf5 16. Qb2 b6 17. a4 Rd8 18. Be3 Ke7 19. Rac1 f6 20. c5 Kf7 21.
cxb6 axb6 22. Bxb6 Rb8 1/2-1/2

[Event "16MCR_F"]
[Site "?"]
[Date "2004.??.??"]
[Round "?"]
[White "Canibal, Jaromir"]
[Black "Makovsky, Petr"]
[Result "1/2-1/2"]
[WhiteElo "2300"]
[BlackElo "2325"]
[PlyCount "108"]
[EventDate "2004.04.27"]
[EventType "corr"]
[EventRounds "1"]
[SourceDate "2004.04.27"]

1. d4 d5 2. c4 c6 3. Nf3 Nf6 4. Nc3 dxc4 5. a4 Bf5 6. Ne5 Nbd7 7. Nxc4 Qc7 8.
g3 e5 9. dxe5 Nxe5 10. Bf4 Nfd7 11. Bg2 f6 12. O-O Nc5 13. Ne3 Bg6 14. b4 Ne6
15. a5 a6 16. Qa4 Bd6 17. Bxe5 fxe5 18. Be4 Nd4 19. Bxg6+ hxg6 20. f3 Qe7 21.
Rab1 O-O-O 22. Rb2 Bb8 23. Ng4 Ba7 24. Kg2 Nf5 25. Ne4 Kb8 26. Qb3 Nh6 27. Nxh6
gxh6 28. Rc1 g5 29. Rd2 Rd4 30. Rc4 g4 31. Rdc2 h5 32. Rxd4 exd4 33. Nf2 h4 34.
Nxg4 hxg3 35. hxg3 Qh7 36. Qd3 Qh3+ 37. Kf2 Rf8 38. Ke1 Qxg3+ 39. Kd1 Rh8 40.
Rb2 c5 41. bxc5 Qc7 42. Qc4 Bxc5 43. Nf6 Qf4 44. Rd2 Bb4 45. Qxd4 Bxd2 46. Nd7+
Kc7 47. Qxh8 Be3 48. Nb6 Qd6+ 49. Kc2 Qd2+ 50. Kb3 Qd1+ 51. Kc4 Qxe2+ 52. Kb3
Qd3+ 53. Ka2 Qe2+ 54. Kb3 Qb5+ 1/2-1/2

[Event "16MCR_F"]
[Site "?"]
[Date "2004.??.??"]
[Round "?"]
[White "Viktora, Zdenek"]
[Black "Stalmach, Kamil"]
[Result "0-1"]
[WhiteElo "2285"]
[BlackElo "2360"]
[PlyCount "128"]
[EventDate "2004.04.27"]
[EventType "corr"]
[EventRounds "1"]
[SourceDate "2004.04.27"]

1. e4 c5 2. Nf3 Nc6 3. d4 cxd4 4. Nxd4 Nf6 5. Nc3 e5 6. Ndb5 d6 7. Nd5 Nxd5 8.
exd5 Nb8 9. Bd3 Be7 10. Qh5 a6 11. Nc3 Nd7 12. Qg4 g6 13. Qd1 Nc5 14. Be2 O-O
15. O-O f5 16. Bh6 Re8 17. Re1 b6 18. b4 Nb7 19. a4 Qc7 20. Ra3 Bd7 21. b5 Qc5
22. Bc1 Na5 23. Nb1 Nc4 24. Rc3 axb5 25. axb5 Bxb5 26. Be3 Qc8 27. Bxc4 Bxc4
28. Na3 Ra4 29. Bxb6 Qa6 30. Nxc4 Rxc4 31. Rb3 Qa2 32. c3 Rec8 33. Re2 Qa4 34.
Re1 Kf7 35. Rb2 Qxd1 36. Rxd1 Rxc3 37. Kf1 Rc2 38. Rdb1 Kf6 39. f3 g5 40. Ke1
R8c3 41. Rxc2 Rxc2 42. Bf2 h5 43. Rb5 Ra2 44. h3 f4 45. Kf1 Ra1+ 46. Ke2 Ra4
47. Be1 e4 48. Bc3+ Kg6 49. fxe4 Rxe4+ 50. Kf1 Re3 51. Bd2 Rd3 52. Ke2 Rg3 53.
Kf1 Bf6 54. h4 f3 55. gxf3 Rxf3+ 56. Ke2 g4 57. Rb6 Be5 58. Bg5 Kf5 59. Rb4 Ra3
60. Bd8 Ra2+ 61. Kd3 Rb2 62. Rxb2 Bxb2 63. Be7 Ke5 64. Ke2 Kxd5 0-1

[Event "16MCR_F"]
[Site "?"]
[Date "2004.??.??"]
[Round "?"]
[White "Mezera, Lukas"]
[Black "Krouzel, Jaroslav"]
[Result "1/2-1/2"]
[WhiteElo "2260"]
[BlackElo "2360"]
[PlyCount "43"]
[EventDate "2004.04.27"]
[EventType "corr"]
[EventRounds "1"]
[SourceDate "2004.04.27"]

1. e4 e6 2. d4 d5 3. Nc3 Bb4 4. e5 c5 5. a3 Bxc3+ 6. bxc3 Ne7 7. Qg4 O-O 8. Bd3
f5 9. exf6 Rxf6 10. Bg5 Rf7 11. Qh5 g6 12. Qd1 Nbc6 13. Nf3 Qf8 14. O-O c4 15.
Be2 h6 16. Bc1 Qg7 17. a4 Bd7 18. Qd2 Kh7 19. Ba3 g5 20. Bd6 Ng6 21. h3 b6 22.
Rfe1 1/2-1/2

[Event "16MCR_F"]
[Site "?"]
[Date "2004.??.??"]
[Round "?"]
[White "Pospisil, Ludvik"]
[Black "Masek, Jan"]
[Result "1/2-1/2"]
[WhiteElo "2445"]
[BlackElo "2365"]
[PlyCount "89"]
[EventDate "2004.04.27"]
[EventType "corr"]
[EventRounds "1"]
[SourceDate "2004.04.27"]

1. e4 e5 2. f4 Nc6 3. Nf3 f5 4. exf5 e4 5. Ne5 Nxe5 6. fxe5 Qe7 7. Qh5+ Kd8 8.
d4 exd3 9. Bxd3 Qxe5+ 10. Kd1 Nf6 11. Qf3 d5 12. Nc3 c6 13. Bf4 Qd4 14. Kc1 Bd7
15. Rd1 Kc8 16. Ne2 Qc5 17. c3 Bd6 18. Kc2 Bxf4 19. Qxf4 Qb6 20. Rac1 Re8 21.
Re1 Qe3 22. Qf1 Kc7 23. Nf4 Qc5 24. Qf3 Qd6 25. Qg3 Rad8 26. Rcd1 Kc8 27. Qh4
Ne4 28. Ne6 Bxe6 29. Bxe4 Bd7 30. Bd3 c5 31. Kb1 Qf6 32. Qh3 h6 33. Qf3 Bc6 34.
Qg4 d4 35. Re6 Qg5 36. Qxg5 hxg5 37. cxd4 Rxd4 38. Rxe8+ Bxe8 39. Kc1 Kc7 40.
Re1 Bc6 41. Bc2 Bxg2 42. Rg1 Bf3 43. Rxg5 Rg4 44. f6 gxf6 45. Rxc5+ 1/2-1/2

[Event "16MCR_F"]
[Site "?"]
[Date "2004.??.??"]
[Round "?"]
[White "Boukal, Petr"]
[Black "Straka, Zdenek"]
[Result "1/2-1/2"]
[WhiteElo "2435"]
[BlackElo "2395"]
[PlyCount "34"]
[EventDate "2004.04.27"]
[EventType "corr"]
[EventRounds "1"]
[SourceDate "2004.04.27"]

1. e4 e5 2. Nf3 Nc6 3. Bb5 a6 4. Ba4 Nf6 5. O-O Be7 6. Re1 b5 7. Bb3 d6 8. a4
b4 9. d3 O-O 10. a5 Be6 11. Nbd2 Rb8 12. Nc4 Nd7 13. Be3 Bf6 14. Ncd2 Bxb3 15.
Nxb3 Qe7 16. c3 bxc3 17. bxc3 Rb5 1/2-1/2

[Event "16MCR_F"]
[Site "?"]
[Date "2004.??.??"]
[Round "?"]
[White "Hybl, Jaroslav"]
[Black "Trexler, Evzen"]
[Result "1/2-1/2"]
[WhiteElo "2430"]
[BlackElo "2400"]
[PlyCount "34"]
[EventDate "2004.04.27"]
[EventType "corr"]
[EventRounds "1"]
[SourceDate "2004.04.27"]

1. d4 d5 2. c4 e6 3. Nc3 c6 4. e3 Nf6 5. Nf3 Nbd7 6. Bd3 dxc4 7. Bxc4 b5 8. Bd3
a6 9. e4 c5 10. d5 c4 11. dxe6 fxe6 12. Bc2 Qc7 13. O-O Bb7 14. Ng5 Nc5 15. e5
Qxe5 16. Re1 Qd6 17. Qxd6 Bxd6 1/2-1/2

[Event "16MCR_F"]
[Site "?"]
[Date "2004.??.??"]
[Round "?"]
[White "Dotlacil, Ladislav"]
[Black "Hala, Martin"]
[Result "1/2-1/2"]
[WhiteElo "2410"]
[BlackElo "2410"]
[PlyCount "49"]
[EventDate "2004.04.27"]
[EventType "corr"]
[EventRounds "1"]
[SourceDate "2004.04.27"]

1. d4 Nf6 2. Nf3 g6 3. c4 Bg7 4. Nc3 O-O 5. e4 d6 6. Be2 e5 7. d5 a5 8. Bg5 h6
9. Bh4 Na6 10. Nd2 Qe8 11. b3 Bd7 12. a3 Nh7 13. O-O h5 14. f3 Bh6 15. Rb1 Nc5
16. Nb5 Bxb5 17. cxb5 f5 18. b4 axb4 19. axb4 Ra2 20. Be1 Nd7 21. Bc4 Ra3 22.
Qc2 Be3+ 23. Kh1 Nb6 24. Bd3 Qd7 25. Nb3 1/2-1/2

[Event "16MCR_F"]
[Site "?"]
[Date "2004.??.??"]
[Round "?"]
[White "Trexler, Evzen"]
[Black "Dotlacil, Ladislav"]
[Result "1-0"]
[WhiteElo "2400"]
[BlackElo "2410"]
[PlyCount "91"]
[EventDate "2004.04.27"]
[EventType "corr"]
[EventRounds "1"]
[SourceDate "2004.04.27"]

1. e4 c6 2. d4 d5 3. Nc3 dxe4 4. Nxe4 Bf5 5. Ng3 Bg6 6. h4 h6 7. h5 Bh7 8. Nf3
Nd7 9. Bd3 Bxd3 10. Qxd3 e6 11. Bf4 Qa5+ 12. Bd2 Qc7 13. O-O-O Ngf6 14. Qe2 c5
15. Kb1 O-O-O 16. Ne5 Nxe5 17. dxe5 Nd5 18. c4 Nb4 19. Bxb4 Rxd1+ 20. Rxd1 cxb4
21. c5 Be7 22. Ne4 Qxe5 23. f4 Qc7 24. Nd6+ Bxd6 25. cxd6 Qd7 26. Qe5 f6 27.
Qd4 Kb8 28. Qxb4 Rc8 29. Qe4 Rc6 30. Qd4 b6 31. g4 Rc5 32. Qe4 Rc8 33. a3 Rc5
34. Qf3 Rc8 35. f5 exf5 36. gxf5 Rc5 37. Ka1 Qc8 38. Qe3 Re5 39. Qd4 Qd7 40.
Rc1 Rc5 41. Rxc5 bxc5 42. Qxc5 Kb7 43. b4 Qc6 44. Kb2 Qg2+ 45. Kb3 Qc6 46.
Qxc6+ 1-0

[Event "16MCR_F"]
[Site "?"]
[Date "2004.??.??"]
[Round "?"]
[White "Straka, Zdenek"]
[Black "Hybl, Jaroslav"]
[Result "1/2-1/2"]
[WhiteElo "2395"]
[BlackElo "2430"]
[PlyCount "31"]
[EventDate "2004.04.27"]
[EventType "corr"]
[EventRounds "1"]
[SourceDate "2004.04.27"]

1. e4 c5 2. Nf3 d6 3. d4 cxd4 4. Nxd4 Nf6 5. Nc3 a6 6. f3 e5 7. Nb3 Be6 8. Be3
Nbd7 9. Qd2 b5 10. a4 b4 11. Nd5 Bxd5 12. exd5 Nb6 13. Bxb6 Qxb6 14. a5 Qb7 15.
Bc4 Be7 16. Ra4 1/2-1/2

[Event "16MCR_F"]
[Site "?"]
[Date "2004.??.??"]
[Round "?"]
[White "Masek, Jan"]
[Black "Boukal, Petr"]
[Result "1/2-1/2"]
[WhiteElo "2365"]
[BlackElo "2435"]
[PlyCount "82"]
[EventDate "2004.04.27"]
[EventType "corr"]
[EventRounds "1"]
[SourceDate "2004.04.27"]

1. e4 e6 2. d4 d5 3. Nd2 Be7 4. Ngf3 Nf6 5. e5 Nfd7 6. c4 dxc4 7. Bxc4 Nb6 8.
Bb3 Bd7 9. O-O Bc6 10. Re1 Bd5 11. Ne4 Bxb3 12. Qxb3 Nc6 13. Be3 Qd5 14. Qc2 f5
15. exf6 gxf6 16. Nc3 Qd7 17. Bh6 O-O-O 18. Qe4 Bf8 19. Bxf8 Rhxf8 20. Qxe6
Qxe6 21. Rxe6 Nxd4 22. Nxd4 Rxd4 23. Re7 Rd7 24. Rae1 c6 25. f4 f5 26. Kf2 Kd8
27. Rxd7+ Kxd7 28. Kf3 Nc4 29. b3 Nd6 30. Re5 Rf6 31. Ne2 b6 32. h3 h5 33. g4
hxg4+ 34. hxg4 fxg4+ 35. Kxg4 Re6 36. Ng3 Rxe5 37. fxe5 Ne8 38. Kf5 Ke7 39. Ne2
Ng7+ 40. Ke4 Ne6 41. b4 a5 1/2-1/2

[Event "16MCR_F"]
[Site "?"]
[Date "2004.??.??"]
[Round "?"]
[White "Krouzel, Jaroslav"]
[Black "Pospisil, Ludvik"]
[Result "1/2-1/2"]
[WhiteElo "2360"]
[BlackElo "2445"]
[PlyCount "98"]
[EventDate "2004.04.27"]
[EventType "corr"]
[EventRounds "1"]
[SourceDate "2004.04.27"]

1. d4 d5 2. c4 e6 3. Nc3 c6 4. e3 Nf6 5. Nf3 Nbd7 6. Qc2 Bd6 7. Be2 dxc4 8.
Bxc4 O-O 9. O-O a6 10. Rd1 b5 11. Be2 Qc7 12. e4 e5 13. g3 Re8 14. a3 exd4 15.
Nxd4 Be5 16. Bf3 c5 17. Nf5 Nb6 18. Bg5 Bxf5 19. exf5 Rac8 20. Re1 h6 21. Bxf6
Bxf6 22. Rad1 Rxe1+ 23. Rxe1 c4 24. Re2 Rd8 25. Kg2 Qd7 26. h3 a5 27. Re1 b4
28. axb4 axb4 29. Rd1 Qc7 30. Nd5 b3 31. Nxf6+ gxf6 32. Rxd8+ Qxd8 33. Qc3 Kg7
34. g4 Qd6 35. Qa5 Qd4 36. Bb7 Nd7 37. Qd5 Qxd5+ 38. Bxd5 c3 39. bxc3 Nc5 40.
Bxb3 Nxb3 41. Kf3 h5 42. gxh5 Kh6 43. Ke4 Kxh5 44. Kd5 Kh4 45. Kd6 Nd2 46. Ke7
Kg5 47. Kxf7 Kxf5 48. h4 Ne4 49. h5 Kg5 1/2-1/2

[Event "16MCR_F"]
[Site "?"]
[Date "2004.??.??"]
[Round "?"]
[White "Stalmach, Kamil"]
[Black "Mezera, Lukas"]
[Result "1-0"]
[WhiteElo "2360"]
[BlackElo "2260"]
[PlyCount "87"]
[EventDate "2004.04.27"]
[EventType "corr"]
[EventRounds "1"]
[SourceDate "2004.04.27"]

1. e4 c5 2. Nf3 d6 3. d4 cxd4 4. Nxd4 Nf6 5. Nc3 g6 6. Be3 Bg7 7. f3 O-O 8. Qd2
Nc6 9. O-O-O d5 10. exd5 Nxd5 11. Nxc6 bxc6 12. Bd4 e5 13. Bc5 Be6 14. Ne4 Rb8
15. Bc4 Re8 16. h4 h6 17. g4 a5 18. Bb3 Ra8 19. a4 Qc7 20. g5 h5 21. Qf2 Red8
22. Rd2 Rab8 23. Rhd1 Bf5 24. Ba3 Rbc8 25. Kb1 Rd7 26. Ka1 Rdd8 27. Rd3 Rd7 28.
c4 Nf4 29. Rxd7 Bxd7 30. Bd6 Qb7 31. Ka2 Ne6 32. Nf6+ Bxf6 33. gxf6 Nd4 34. Qe3
Nf5 35. Qxe5 c5 36. Bxc5 Be6 37. Ba3 Qa6 38. Qb5 Qa8 39. c5 Bxb3+ 40. Qxb3 Qc6
41. Qb6 Qa8 42. Rd7 Rb8 43. Qc7 Rc8 44. Qf4 1-0

[Event "16MCR_F"]
[Site "?"]
[Date "2004.??.??"]
[Round "?"]
[White "Makovsky, Petr"]
[Black "Viktora, Zdenek"]
[Result "1/2-1/2"]
[WhiteElo "2325"]
[BlackElo "2285"]
[PlyCount "72"]
[EventDate "2004.04.27"]
[EventType "corr"]
[EventRounds "1"]
[SourceDate "2004.04.27"]

1. e4 e5 2. Nf3 Nc6 3. Bc4 Bc5 4. c3 Nf6 5. d3 O-O 6. O-O Be7 7. Re1 d6 8. Nbd2
Na5 9. d4 exd4 10. Nxd4 Nxc4 11. Nxc4 c5 12. Nf5 Bxf5 13. exf5 d5 14. Ne5 h6
15. Be3 Re8 16. Ng4 Rc8 17. h3 Qb6 18. Nxf6+ Bxf6 19. Qxd5 Qxb2 20. Rab1 Qxc3
21. Rec1 Qa3 22. Rxc5 b6 23. Rc6 Rxc6 24. Qxc6 Rd8 25. Qc2 Rd5 26. Re1 Qa5 27.
Rc1 Kh7 28. a4 Qb4 29. g3 Re5 30. Kh2 Qe4 31. Qxe4 Rxe4 32. Rc7 Rxa4 33. Rb7 a5
34. Rxb6 Bd4 35. Bxd4 Rxd4 36. Ra6 a4 1/2-1/2

[Event "16MCR_F"]
[Site "?"]
[Date "2004.??.??"]
[Round "?"]
[White "Styblo, Pavel"]
[Black "Canibal, Jaromir"]
[Result "1/2-1/2"]
[WhiteElo "2320"]
[BlackElo "2300"]
[PlyCount "79"]
[EventDate "2004.04.27"]
[EventType "corr"]
[EventRounds "1"]
[SourceDate "2004.04.27"]

1. e4 e5 2. Nf3 Nc6 3. Bb5 a6 4. Ba4 Nf6 5. O-O Be7 6. Re1 b5 7. Bb3 O-O 8. c3
d5 9. exd5 Nxd5 10. Nxe5 Nxe5 11. Rxe5 c6 12. d3 Bd6 13. Re1 Bf5 14. Qf3 Re8
15. Rxe8+ Qxe8 16. Nd2 Qe6 17. Nf1 Re8 18. Bd2 Bg4 19. Bxd5 cxd5 20. Qe3 Bf5
21. Qxe6 Rxe6 22. d4 Re2 23. Re1 Rxe1 24. Bxe1 Be6 25. f3 f5 26. Nd2 Kf7 27.
Nb3 g5 28. Nc5 Bc8 29. h4 h6 30. h5 Ke7 31. g3 a5 32. Kf2 f4 33. g4 a4 34. Ke2
Kd8 35. b3 Ke8 36. Kd3 Kd8 37. Bd2 Ke8 38. Bc1 axb3 39. axb3 Bf8 40. Ba3
1/2-1/2

[Event "16MCR_F"]
[Site "?"]
[Date "2004.??.??"]
[Round "?"]
[White "Zidu, Jan"]
[Black "Priesol, Daniel"]
[Result "1/2-1/2"]
[WhiteElo "2310"]
[BlackElo "2305"]
[PlyCount "93"]
[EventDate "2004.04.27"]
[EventType "corr"]
[EventRounds "1"]
[SourceDate "2004.04.27"]

1. e4 e5 2. Nf3 Nf6 3. Nxe5 d6 4. Nf3 Nxe4 5. d4 d5 6. Bd3 Be7 7. O-O Nc6 8.
Re1 Bg4 9. c3 f5 10. Qb3 O-O 11. Nbd2 Kh8 12. Qxb7 Rf6 13. Qb3 Rg6 14. Bb5 Nxd2
15. Nxd2 Bd6 16. Nf1 Ne7 17. Bd3 Bf3 18. Ng3 Be4 19. Be2 Ng8 20. Bh5 Rb8 21.
Qd1 Re6 22. Nxe4 Rxe4 23. Bf3 Rxe1+ 24. Qxe1 Qd7 25. Bxd5 Bxh2+ 26. Kxh2 Qxd5
27. Qe5 Qf7 28. Bf4 Qh5+ 29. Kg1 Rxb2 30. Qxc7 Rxa2 31. Rf1 Qg4 32. c4 h5 33.
Be5 h4 34. Kh2 Kh7 35. d5 Re2 36. c5 Qg5 37. c6 Ne7 38. Qd6 Ng6 39. Bxg7 Nf4
40. Qh6+ Qxh6 41. Bxh6 Kxh6 42. d6 Rc2 43. d7 Ne6 44. Re1 Nd8 45. Re8 Nxc6 46.
Rc8 Rd2 47. Rxc6+ 1/2-1/2

[Event "16MCR_F"]
[Site "?"]
[Date "2004.??.??"]
[Round "?"]
[White "Canibal, Jaromir"]
[Black "Zidu, Jan"]
[Result "1/2-1/2"]
[WhiteElo "2300"]
[BlackElo "2310"]
[PlyCount "111"]
[EventDate "2004.04.27"]
[EventType "corr"]
[EventRounds "1"]
[SourceDate "2004.04.27"]

1. d4 Nf6 2. c4 c5 3. d5 b5 4. cxb5 g6 5. Nc3 d6 6. e4 Bg7 7. Nf3 O-O 8. Be2 a6
9. O-O axb5 10. Bxb5 Ba6 11. Qc2 Bxb5 12. Nxb5 Na6 13. a4 Nb4 14. Qe2 Nd7 15.
Nc3 Ra5 16. Bg5 Nb6 17. Nd2 Nc2 18. Nb3 Nd4 19. Qd1 Nxb3 20. Qxb3 Qc7 21. Bd2
Ra6 22. a5 Nd7 23. Qc4 Qb7 24. Rfb1 Rfa8 25. Nd1 Bd4 26. Ra3 Ne5 27. Qe2 e6 28.
Ne3 Bxe3 29. Rxe3 exd5 30. exd5 Qxd5 31. b4 cxb4 32. Bxb4 Qc6 33. Bc3 Nc4 34.
Rh3 d5 35. Qe7 h5 36. Rf3 Qe6 37. Qg5 d4 38. Bxd4 Qe4 39. Rd1 Rd6 40. Rfd3 Rxa5
41. Qc1 Qe6 42. Bc3 Rxd3 43. Rxd3 Rd5 44. Qa1 Qc6 45. Bh8 Kf8 46. Rb3 Rb5 47.
Rc3 Qa6 48. Qe1 Qe6 49. Qc1 Kg8 50. Bd4 Nd6 51. Re3 Qg4 52. Ba1 Qb4 53. Re1 Rc5
54. Qe3 Qe4 55. Qd2 Rc2 56. Qa5 1/2-1/2

[Event "16MCR_F"]
[Site "?"]
[Date "2004.??.??"]
[Round "?"]
[White "Viktora, Zdenek"]
[Black "Styblo, Pavel"]
[Result "1-0"]
[WhiteElo "2285"]
[BlackElo "2320"]
[PlyCount "95"]
[EventDate "2004.04.27"]
[EventType "corr"]
[EventRounds "1"]
[SourceDate "2004.04.27"]

1. e4 e5 2. Nf3 Nc6 3. Bb5 a6 4. Ba4 Nf6 5. O-O Be7 6. Bxc6 dxc6 7. d3 Nd7 8.
Qe2 O-O 9. Be3 Re8 10. Nbd2 Bd6 11. Bg5 Be7 12. Bxe7 Rxe7 13. Nc4 b6 14. Qe3 c5
15. Rae1 a5 16. a4 Re6 17. Nfd2 Nf6 18. Qg5 Bd7 19. b3 h6 20. Qh4 Nh7 21. Qg3
Nf6 22. f4 Nh5 23. Qf3 Nxf4 24. Nxe5 Rxe5 25. Qxf4 Re7 26. Qg3 Be6 27. Rf2 Qd4
28. Nf3 Qd6 29. e5 Qd7 30. Nd2 Qd4 31. Ne4 Rd8 32. Nf6+ Kh8 33. Re4 Qc3 34. Nh5
Rg8 35. Qh4 g5 36. Qg3 Bd5 37. Re3 Rg6 38. Nf6 c6 39. Qg4 Be6 40. Qe4 Rc7 41.
h4 Qb2 42. hxg5 Qc1+ 43. Kh2 Rc8 44. Qf4 Rd8 45. Ne4 Rd4 46. c4 h5 47. Qg3 Rd8
48. Rf6 1-0

[Event "16MCR_F"]
[Site "?"]
[Date "2004.??.??"]
[Round "?"]
[White "Mezera, Lukas"]
[Black "Makovsky, Petr"]
[Result "1/2-1/2"]
[WhiteElo "2260"]
[BlackElo "2325"]
[PlyCount "130"]
[EventDate "2004.04.27"]
[EventType "corr"]
[EventRounds "1"]
[SourceDate "2004.04.27"]

1. e4 e5 2. Nf3 Nc6 3. Bb5 a6 4. Ba4 Nf6 5. O-O Be7 6. Re1 b5 7. Bb3 O-O 8. c3
d6 9. h3 Bb7 10. d4 Re8 11. Nbd2 Bf8 12. a4 h6 13. Bc2 exd4 14. cxd4 Nb4 15.
Bb1 c5 16. d5 Nd7 17. Ra3 f5 18. Nh2 Nf6 19. Rf3 Re5 20. Rxf5 Rxf5 21. exf5
Bxd5 22. Ng4 Bf7 23. Ne4 Nxg4 24. Qxg4 d5 25. f6 dxe4 26. fxg7 Bxg7 27. Bxh6
Qf6 28. Qxe4 Nd5 29. Qh7+ Kf8 30. Qh8+ Bg8 31. Bh7 Kf7 32. Bxg7 Qxg7 33. Bxg8+
Qxg8 34. Qh5+ Kf8 35. Re5 Qxg2+ 36. Kxg2 Nf4+ 37. Kf3 Nxh5 38. Rxh5 Kg7 39.
axb5 c4 40. Ke4 Kg6 41. Rc5 axb5 42. Rxb5 Rh8 43. Kd4 Rh4+ 44. Kc3 Kf6 45. Rd5
Rf4 46. Rd4 Rxf2 47. h4 Ke5 48. Rxc4 Rh2 49. b3 Rh3+ 50. Kb4 Kd6 51. Ka4 Kd5
52. Rg4 Kc6 53. Rg6+ Kb7 54. Rh6 Rf3 55. h5 Rf5 56. b4 Re5 57. b5 Re1 58. Rg6
Rh1 59. h6 Rb1 60. Ka5 Ra1+ 61. Kb4 Rc1 62. Rg7+ Kb6 63. Rg6+ Kb7 64. b6 Ka6
65. Kb3 Rc5 1/2-1/2

[Event "16MCR_F"]
[Site "?"]
[Date "2004.??.??"]
[Round "?"]
[White "Pospisil, Ludvik"]
[Black "Stalmach, Kamil"]
[Result "1/2-1/2"]
[WhiteElo "2445"]
[BlackElo "2360"]
[PlyCount "55"]
[EventDate "2004.04.27"]
[EventType "corr"]
[EventRounds "1"]
[SourceDate "2004.04.27"]

1. e4 e6 2. d4 d5 3. e5 c5 4. c3 Nc6 5. a3 Qb6 6. Nf3 Bd7 7. b4 cxb4 8. cxb4
Rc8 9. Bb2 Na5 10. Nbd2 Nc4 11. Nxc4 dxc4 12. Rc1 a5 13. Nd2 axb4 14. Nxc4 Qd8
15. axb4 Bxb4+ 16. Bc3 Bxc3+ 17. Rxc3 Kf8 18. Ra3 Bc6 19. Nd6 Ra8 20. Qa1 Rxa3
21. Qxa3 Ne7 22. f3 g6 23. Bd3 Qb6 24. Nc8 Qc7 25. Nxe7 Qxe7 26. Qb2 Qh4+ 27.
Qf2 Qxf2+ 28. Kxf2 1/2-1/2

[Event "16MCR_F"]
[Site "?"]
[Date "2004.??.??"]
[Round "?"]
[White "Boukal, Petr"]
[Black "Krouzel, Jaroslav"]
[Result "1/2-1/2"]
[WhiteElo "2435"]
[BlackElo "2360"]
[PlyCount "67"]
[EventDate "2004.04.27"]
[EventType "corr"]
[EventRounds "1"]
[SourceDate "2004.04.27"]

1. e4 e6 2. d4 d5 3. Nd2 Nc6 4. Ngf3 Nf6 5. e5 Nd7 6. Nb3 Be7 7. Bb5 a5 8. a4
Na7 9. Be2 b6 10. O-O c5 11. c3 O-O 12. Be3 Nc6 13. Ne1 Ba6 14. Bxa6 Rxa6 15.
f4 f5 16. exf6 Rxf6 17. Rc1 Ra8 18. Qe2 Rc8 19. Nf3 Qe8 20. Ne5 Ncxe5 21. fxe5
Rf5 22. Nd2 Nf8 23. b3 Rd8 24. Nf3 Ng6 25. g3 Qc6 26. Rcd1 Qc7 27. h4 Nf8 28.
Rf2 Rf7 29. Qb5 Nd7 30. Rc1 Rc8 31. Ng5 Bxg5 32. hxg5 Qc6 33. Qxc6 Rxc6 34. c4
1/2-1/2

[Event "16MCR_F"]
[Site "?"]
[Date "2004.??.??"]
[Round "?"]
[White "Hybl, Jaroslav"]
[Black "Masek, Jan"]
[Result "1/2-1/2"]
[WhiteElo "2430"]
[BlackElo "2365"]
[PlyCount "72"]
[EventDate "2004.04.27"]
[EventType "corr"]
[EventRounds "1"]
[SourceDate "2004.04.27"]

1. d4 Nf6 2. c4 c5 3. d5 b5 4. cxb5 a6 5. bxa6 e6 6. Nc3 Nxd5 7. Nxd5 exd5 8.
Qxd5 Nc6 9. Nf3 Bxa6 10. Bd2 Be7 11. e3 Bxf1 12. Kxf1 O-O 13. g3 Qb6 14. Bc3
Ra7 15. Kg2 Nb4 16. Qb3 Rfa8 17. a3 Qc6 18. Bxb4 cxb4 19. Rac1 Qa4 20. Qxa4
Rxa4 21. axb4 Rxb4 22. Rhd1 Rxb2 23. Rxd7 Bf6 24. Rc5 Rbb8 25. Ne5 Bxe5 26.
Rxe5 Rd8 27. Rc7 Rac8 28. Rb7 Rb8 29. Rbe7 f6 30. Re4 Rf8 31. g4 Rf7 32. R7e6
Rfb7 33. h4 Rb6 34. g5 Rxe6 35. Rxe6 Kf7 36. Rc6 Rb5 1/2-1/2

[Event "16MCR_F"]
[Site "?"]
[Date "2004.??.??"]
[Round "?"]
[White "Dotlacil, Ladislav"]
[Black "Straka, Zdenek"]
[Result "0-1"]
[WhiteElo "2410"]
[BlackElo "2395"]
[PlyCount "64"]
[EventDate "2004.04.27"]
[EventType "corr"]
[EventRounds "1"]
[SourceDate "2004.04.27"]

1. d4 Nf6 2. Nf3 e6 3. Bg5 c5 4. e3 Be7 5. Nbd2 b6 6. Bd3 Bb7 7. c3 h6 8. Bh4
g5 9. Bg3 g4 10. Nh4 Rg8 11. h3 Nh5 12. hxg4 Nxg3 13. fxg3 Qc7 14. Nf1 Nc6 15.
Qe2 Bd6 16. Rh3 O-O-O 17. Be4 Kb8 18. O-O-O Bf8 19. Kb1 a6 20. Bh7 Rg7 21. Bd3
Ka7 22. Qf2 d5 23. Nh2 c4 24. Bc2 b5 25. e4 b4 26. exd5 Rxd5 27. Qe3 bxc3 28.
Qxc3 Nb4 29. Bb3 Ra5 30. Qxc4 Be4+ 31. Kc1 Qb6 32. Kd2 Nxa2 0-1

[Event "16MCR_F"]
[Site "?"]
[Date "2004.??.??"]
[Round "?"]
[White "Hala, Martin"]
[Black "Trexler, Evzen"]
[Result "1-0"]
[WhiteElo "2410"]
[BlackElo "2400"]
[PlyCount "111"]
[EventDate "2004.04.27"]
[EventType "corr"]
[EventRounds "1"]
[SourceDate "2004.04.27"]

1. e4 e5 2. Nf3 Nf6 3. Nxe5 d6 4. Nf3 Nxe4 5. d4 d5 6. Bd3 Be7 7. O-O Nc6 8. c4
Nb4 9. Be2 O-O 10. Nc3 Be6 11. Ne5 f6 12. Nf3 c5 13. Be3 Rc8 14. dxc5 Bxc5 15.
Bxc5 Rxc5 16. Qb3 a5 17. Rad1 Qe7 18. Na4 Bf7 19. Qe3 Rc7 20. a3 Qe8 21. axb4
Qxa4 22. cxd5 Nd6 23. bxa5 Qxa5 24. Nd4 Re8 25. Ne6 Qb4 26. Bd3 Rce7 27. Rfe1
Qxb2 28. Qg3 Bxe6 29. Qxd6 Rd7 30. Qc5 Rxd5 31. Qxd5 Bxd5 32. Rxe8+ Kf7 33. Rc8
g6 34. Rc7+ Ke6 35. Rxh7 f5 36. Rh3 Kf6 37. Re3 f4 38. Ree1 Qb4 39. h4 Bc6 40.
Bc2 Bd5 41. Rb1 Qd4 42. Red1 Qc5 43. Ba4 Be4 44. Rb5 Qa3 45. Rb6+ Kg7 46. Be8
f3 47. g3 Kh6 48. Bd7 Bc2 49. Re1 Qa5 50. Rbe6 Bd3 51. Re8 Be2 52. Rc1 b5 53.
Rh8+ Kg7 54. Rhc8 Bc4 55. Bc6 Qd2 56. Ra1 1-0

[Event "16MCR_F"]
[Site "?"]
[Date "2004.??.??"]
[Round "?"]
[White "Straka, Zdenek"]
[Black "Hala, Martin"]
[Result "1/2-1/2"]
[WhiteElo "2395"]
[BlackElo "2410"]
[PlyCount "31"]
[EventDate "2004.04.27"]
[EventType "corr"]
[EventRounds "1"]
[SourceDate "2004.04.27"]

1. e4 e5 2. Nf3 Nc6 3. Bb5 f5 4. Nc3 fxe4 5. Nxe4 d5 6. Nxe5 dxe4 7. Nxc6 Qg5
8. Qe2 Nf6 9. f4 Qxf4 10. Nxa7+ Bd7 11. Bxd7+ Kxd7 12. Qb5+ Ke6 13. Qb3+ Kd7
14. Qb5+ Ke6 15. Qb3+ Kd7 16. Qb5+ 1/2-1/2